000 01483nam a2200421 i 4500
001 17632
003 KOSZ 005
005 20220609091013.0
008 020718s1977 pl a f f |001 0 pol
015 _aPB 1978/4414
035 _a(OCoLC)749657744
040 _aWA N
_cWA N
_dKOSZ 005/HR
046 _k1977
080 _a519.85
080 _a(075.8)
100 1 _aŁawrynowicz, Julian
_d(1939- ).
_eAutor
245 1 0 _aRachunek wariacyjny ze wstępem do programowania matematycznego /
_cJulian Ławrynowicz.
260 _aWarszawa :
_bWydawnictwa Naukowo-Techniczne,
_c1977.
300 _a228 s. :
_bil. tab. wykr. ;
_c25 cm.
336 _2rdacontent
_aTekst
_btxt
337 _2rdamedia
_aBez urządzenia pośredniczącego
_bn
338 _2rdacarrier
_aWolumin
_bnc
380 _aKsiążki.
380 _aPublikacje dydaktyczne.
385 _mPoziom nauczania.
_aSzkoły wyższe.
388 _a1901-2000
388 _a1945-1989
490 1 _a[Podręczniki Akademickie. Elektrotechnika]
504 _aBibliogr. przy rozdz. - Indeksy.
658 _aMatematyka
655 4 _aPodręczniki akademickie
650 4 _aRachunek wariacyjny
650 4 _aProgramowanie matematyczne
710 2 _aWydawnictwa Naukowo-Techniczne
_4pbl.
856 _uhttp://koha.tu.koszalin.pl/cgi-bin/koha/opac-detail.pl?biblionumber=17632
_yKatalog online BPK
830 0 _aPodręczniki Akademickie.
_pElektrotechnika
942 _2UKD
_cKS
999 _c17632
_d17632